Teología fundamental (Registro nro. 176380)

Detalles MARC
000 -LEADER
campo de control de longitud fija 00769nam a2200253 i 4500
001 - NÚMERO DE CONTROL
campo de control 176380
003 - IDENTIFICADOR DE NÚMERO DE CONTROL
campo de control ES-MaACL
005 - FECHA Y HORA DE LA ÚLTIMA TRANSACCIÓN
campo de control 20230906220049.0
008 - DATOS DE LONGITUD FIJA--INFORMACIÓN GENERAL
campo de control de longitud fija 110112s2010 sp | |||||||| | spa d
020 ## - NÚMERO INTERNACIONAL ESTÁNDAR DEL LIBRO
Número Internacional Estándar del Libro 978-84-220-1441-6
080 ## - NÚMERO DE LA CLASIFICACIÓN DECIMAL UNIVERSAL
Número de la Clasificación Decimal Universal 231.74
080 ## - NÚMERO DE LA CLASIFICACIÓN DECIMAL UNIVERSAL
Número de la Clasificación Decimal Universal 234.2
100 0# - ENTRADA PRINCIPAL--NOMBRE DE PERSONA
Nombre de persona González Montes, Adolfo.
9 (RLIN) 58820
245 10 - MENCIÓN DEL TÍTULO
Título Teología fundamental
Resto del título : de la Revelación y de la Fe /
Mención de responsabilidad, etc. Adolfo González Montes.
260 ## - PUBLICACIÓN, DISTRIBUCIÓN, ETC.
Lugar de publicación, distribución, etc. Madrid :
Nombre del editor, distribuidor, etc. Biblioteca de Autores Cristianos,
Fecha de publicación, distribución, etc. 2010.
300 ## - DESCRIPCIÓN FÍSICA
Extensión XLIV, 1079 p. ;
Dimensiones 20 cm.
490 1# - MENCIÓN DE SERIE
Mención de serie BAC ;
Designación de volumen o secuencia 690
504 ## - NOTA DE BIBLIOGRAFÍA, ETC.
Nota de bibliografía, etc. Incluye referencias bibliográficas e índice.
650 #7 - PUNTO DE ACCESO ADICIONAL DE MATERIA--TÉRMINO DE MATERIA
Término de materia o nombre geográfico como elemento de entrada Revelación.
9 (RLIN) 16895
650 #7 - PUNTO DE ACCESO ADICIONAL DE MATERIA--TÉRMINO DE MATERIA
Término de materia o nombre geográfico como elemento de entrada Fe.
9 (RLIN) 12734
830 0# - PUNTO DE ACCESO ADICIONAL DE SERIE-TÍTULO UNIFORME
Título uniforme BAC ;
Designación de volumen o secuencia 690
9 (RLIN) 191410
852 ## - LOCALIZACIÓN
Ubicación ES-MaACL
Número de control de estantería J-678
Existencias
Estatus retirado Estado de pérdida Estado de daño No para préstamo Biblioteca de origen Biblioteca actual Ubicación en estantería Fecha de adquisición Fuente de adquisición Total de préstamos Signatura topográfica completa Código de barras Visto por última vez Precio de reemplazo Tipo de ítem Koha
        Biblioteca del Ateneo de Madrid Biblioteca del Ateneo de Madrid Depósito 2 12/01/2011     J-678 1185238 23/02/2023 23/02/2023 Libro impreso